书目信息 |
| 题名: |
建设工程法规及相关知识名师预测6套试卷
|
|
| 作者: | 孙钰 主编 | |
| 分册: | ||
| 出版信息: | 北京 中国电力出版社 2007.04 |
|
| 页数: | 94页 | |
| 开本: | 26cm | |
| 丛书名: | 2007全国注册一级建造师执业资格考试名师过关辅导系列 | |
| 单 册: | ||
| 中图分类: | D922.297.4 | |
| 科图分类: | ||
| 主题词: | 建筑法--jian zhu fa--考核--中国--试题 | |
| 电子资源: | ||
| ISBN: | 978-7-5083-5112-4 | |
| 000 | 01079nam 2200253 450 | |
| 001 | 012007441798 | |
| 005 | 20071226152457.46 | |
| 010 | @a978-7-5083-5112-4@dCNY25.00 | |
| 100 | @a20071226d2007 km y0chiy0120 ea | |
| 101 | 0 | @achi |
| 102 | @aCN@b110000 | |
| 105 | @ay z 000yy | |
| 106 | @ar | |
| 200 | 1 | @a建设工程法规及相关知识名师预测6套试卷@Ajian she gong cheng fa gui ji xiang guan zhi shi ming shi yu ce 6 tao shi juan@f孙钰主编@Fsun yu zhu bian |
| 210 | @a北京@c中国电力出版社@d2007.04 | |
| 215 | @a94页@d26cm | |
| 225 | 2 | @a2007全国注册一级建造师执业资格考试名师过关辅导系列@A2007 quan guo zhu ce yi ji jian zao shi zhi ye zi ge kao shi ming shi guo guan fu dao xi lie |
| 330 | @a本书共6套试题,涵盖了考试科目考试大纲的章、节、目的知识点,严格按照考试大纲要求的分值比例编写而成,内容全面,真实模拟。 | |
| 410 | 0 | @12001 @a2007全国注册一级建造师执业资格考试名师过关辅导系列 |
| 606 | 0 | @a建筑法@Ajian zhu fa@x考核@y中国@j试题 |
| 690 | @aD922.297.4@v4 | |
| 701 | 0 | @a孙钰@Asun yu@4主编 |
| 801 | 0 | @aCN@bQSSK@c20071226 |
| 905 | @b272192-94@dD922.297.4@eS978@f3 | |
| 建设工程法规及相关知识名师预测6套试卷/孙钰主编.-北京:中国电力出版社,2007.04 |
| 94页;26cm.-(2007全国注册一级建造师执业资格考试名师过关辅导系列) |
| ISBN 978-7-5083-5112-4:CNY25.00 |
| 本书共6套试题,涵盖了考试科目考试大纲的章、节、目的知识点,严格按照考试大纲要求的分值比例编写而成,内容全面,真实模拟。 |
| ● |
| 相关链接 |
|
|
|
正题名:建设工程法规及相关知识名师预测6套试卷
索取号:D922.297.4/S978
 
预约/预借
| 序号 | 登录号 | 条形码 | 馆藏地/架位号 | 状态 | 备注 |
| 1 | 272192 | 202721929 | 社科库509/509社科库 89排1列2层/ [索取号:D922.297.4/S978] | 在馆 | |
| 2 | 272193 | 202721938 | 社科库509/509社科库 89排1列2层/ [索取号:D922.297.4/S978] | 在馆 | |
| 3 | 272194 | 202721947 | 社科库509/509社科库 89排1列2层/ [索取号:D922.297.4/S978] | 在馆 |